00786nam a2200253 a 450000100060000000300080000600500170001400800410003102000220007203500190009404000320011304100080014508200270015310000270018024500400020725000120024726000680025930000270032749000350035450400740038950500140046365000200047783000350049769475BD-RjUL20211209081908.0170412s2002 nyu b 001 0 eng d a0521890535 (pbk.) a(BD-RjUL)69687 aDLCcDLCdDLCdBD-RjULbeng aeng00a515.2433223bZYT 20021 aZygmund, Antonid1900-10aTrigonometric series /cA. Zygmund. a3rd ed. aCambridge, UK ;aNew York :bCambridge University Press,cc2002 axiii, 364 p. ;c23 cm. aCambridge mathematical library aIncludes bibliographical references (p. 336-351 (2nd set)) and index.0 aVol.1,2-- 0aFourier series. aCambridge mathematical library